| 000 | 00749nam a2200253 a 4500 | ||
|---|---|---|---|
| 005 | 20140310183613.0 | ||
| 008 | 120829s19uu xx 00 eng d | ||
| 020 | _a9780071220972 | ||
| 050 |
_aHF 5721 _b.L37 2011 |
||
| 100 | _aRentz, Kathryn | ||
| 245 |
_aLesikar's business communication : _bconnecting in a digital world / |
||
| 250 | _a12th ed. | ||
| 260 |
_aNew York : _bMcGraw Hill Irwin, _c2011. |
||
| 300 |
_axxvii, 657 p. : _bcol. ill. ; _c28 cm. |
||
| 500 | _aIncludes index. | ||
| 521 | _aBSBA | ||
| 650 | _aCommercial correspondence | ||
| 650 |
_aEnglish language _xBusiness english |
||
| 650 | _aBusiness communication | ||
| 700 | _aFlatley, Marie E. | ||
| 700 | _aLentz, Paula | ||
| 942 |
_cBK _2lcc _kFOR |
||
| 999 |
_c25277 _d25277 |
||